Научные исследования и современное образование (Запись № 11303700)

Подробности
000 -МАРКЕР
контрольное поле 02861nam0a2200349 4500
001 - ИДЕНТИФИКАТОР ЗАПИСИ
контрольное поле RU\NLR\BIBL_A\011980116
005 - ИДЕНТИФИКАТОР ВЕРСИИ
контрольное поле 20190430152014.0
010 ## - МЕЖДУНАРОДНЫЙ СТАНДАРТНЫЙ НОМЕР КНИГИ (ISBN)
Номер (ISBN) 978-5-6042142-7-5
Тираж 500
021 ## - НОМЕР ГОСУДАРСТВЕННОЙ РЕГИСТРАЦИИ
Код страны Российская Федерация
Номер КН-П-19-017800
Номер Листа государственной регистраци КН-П-19-1337
035 ## - ДРУГИЕ СИСТЕМНЫЕ НОМЕРА
Идентификатор записи (NLR Aleph) 011980116
035 ## - ДРУГИЕ СИСТЕМНЫЕ НОМЕРА
Идентификатор записи (RuMoRGB)009920772
100 ## - ДАННЫЕ ОБЩЕЙ ОБРАБОТКИ
Данные общей обработки 20190404d2018 k y0rusy50 ca
101 0# - ЯЗЫК РЕСУРСА
Язык текста, звукозаписи и т.д. русский
102 ## - СТРАНА ПУБЛИКАЦИИ ИЛИ ПРОИЗВОДСТВА
Страна публикации Российская Федерация
105 ## - ПОЛЕ КОДИРОВАННЫХ ДАННЫХ: ТЕКСТОВЫЕ МАТЕРИАЛЫ, МОНОГРАФИЧЕСКИЕ
Кодированные данные о монографическом текстовом документе aczzzz||100zy
200 1# - ЗАГЛАВИЕ И СВЕДЕНИЯ ОБ ОТВЕТСТВЕННОСТИ
Основное заглавие Научные исследования и современное образование
Сведения, относящиеся к заглавию сборник материалов V Международной научно-практической конференции
Первые сведения об ответственности Федеральное государственное бюджетное образовательное учреждение высшего образования "Чувашский государственный университет им. И. Н. Ульянова", Актюбинский региональный государственный университет имени К. Жубанова, Кыргызский экономический университет имени М. Рыскулбекова [и др.
Последующие сведения об ответственности редакционная коллегия: ... Яковлева Татьяна Валериановна, ответственный редактор и др.]
210 ## - ПУБЛИКАЦИЯ, РАСПРОСТРАНЕНИЕ И ДР.
Место издания, распространения и т.д. Чебоксары
Имя издателя, распространителя и т. д. Интерактив плюс
Дата издания, распространения и т.д. 2018
215 ## - ФИЗИЧЕСКАЯ ХАРАКТЕРИСТИКА
Специфическое обозначение материала и объем 273 с.
Другие сведения о физической характеристике ил., портр., табл.
Размеры 21
320 ## - ПРИМЕЧАНИЯ О НАЛИЧИИ В ДОКУМЕНТЕ БИБЛИОГРАФИИ / УКАЗАТЕЛЯ
Текст примечания Библиогр. в конце ст.
606 1# - НАИМЕНОВАНИЕ ТЕМЫ КАК ПРЕДМЕТ
Наименование темы Научные конференции
Формальный подзаголовок Сборники
Географический подзаголовок Чебоксары, город (Чувашия)
Системный номер авторитетной/нормативной записи 2283203
Идентификатор авторитетной/нормативной записи RU\NLR\AUTH\6601595881
686 1# - ИНДЕКСЫ ДРУГИХ КЛАССИФИКАЦИЙ
Индекс Я431(2Р-6Чу-4Че)
702 #1 - ИМЯ ЛИЦА - ВТОРИЧНАЯ ОТВЕТСТВЕННОСТЬ
Код отношения Редактор
Начальный элемент ввода Яковлева
Часть имени, кроме начального элемента ввода Т. В.
Дополнения к именам, кроме дат специалист в обл. образования
Расширение инициалов личного имени Татьяна Валериановна
Системный номер авторитетной/нормативной записи 132337
Идентификатор авторитетной/нормативной записи RU\NLR\AUTH\770132371
711 12 - НАИМЕНОВАНИЕ ОРГАНИЗАЦИИ - АЛЬТЕРНАТИВНАЯ ОТВЕТСТВЕННОСТЬ
Начальный элемент ввода "Научные исследования и современное образование", международная научно-практическая конференция
Порядковый номер временной организации и / или порядковый номер ее части 5
Место проведения временной организации Чебоксары
Дата проведения временной организации 2018
Системный номер авторитетной/нормативной записи 657418
Идентификатор авторитетной/нормативной записи RU\NLR\AUTH\880498821
712 02 - НАИМЕНОВАНИЕ ОРГАНИЗАЦИИ - ВТОРИЧНАЯ ОТВЕТСТВЕННОСТЬ
Код отношения Прочие
Начальный элемент ввода Чувашский государственный университет им. И. Н. Ульянова
Идентифицирующий признак Чебоксары
Системный номер авторитетной/нормативной записи 301657
Идентификатор авторитетной/нормативной записи RU\NLR\AUTH\8814249
712 02 - НАИМЕНОВАНИЕ ОРГАНИЗАЦИИ - ВТОРИЧНАЯ ОТВЕТСТВЕННОСТЬ
Код отношения Прочие
Начальный элемент ввода Актюбинский региональный государственный университет им. К. Жубанова
Системный номер авторитетной/нормативной записи 632502
Идентификатор авторитетной/нормативной записи RU\NLR\AUTH\880486045
712 02 - НАИМЕНОВАНИЕ ОРГАНИЗАЦИИ - ВТОРИЧНАЯ ОТВЕТСТВЕННОСТЬ
Код отношения Прочие
Начальный элемент ввода Кыргызский экономический университет им. М. Рыскулбекова
Идентифицирующий признак Бишкек
Системный номер авторитетной/нормативной записи 538669
Идентификатор авторитетной/нормативной записи RU\NLR\AUTH\880437226
942 ## - ДОПОЛНИТЕЛЬНЫЕ ЭЛЕМЕНТЫ ЗАПИСИ (АБИС)
Тип экземпляра АБИС Книга
980 ## - КОЛЛЕКЦИЯ
Название коллекции НБР
980 ## - КОЛЛЕКЦИЯ
Название коллекции Национальная библиография

Нет доступных экземпляров.